Photopolarimetry in Remote Sensing : Proceedings of the NATO Advanced Study Institute, held in Yalta, Ukraine, 20 September - 4 October 2003 /

Uloženo v:
Podrobná bibliografie
Hlavní autor: Gorden Videen, Yaroslav Yatskiv, Michael Mishchenko (edición)
Médium: Kniha
Jazyk:angličtina
Vydáno: Dordrecht, Holanda : Springer, 2004, c2004
Edice:(NATO Science Series II: Mathematics, Physics and Chemistry)
On-line přístup:Ver documento en línea
Tagy: Přidat tag
Žádné tagy, Buďte první, kdo vytvoří štítek k tomuto záznamu!

MARC

LEADER 00000nam^a22000000a04500
001 000599854
009 20260413195227.737
020 |a 978-1-4020-2368-2 
037 |a Acervo ITESO - Biblioteca 
041 |a ING 
082 |a Libro en línea 
100 |a Gorden Videen, Yaroslav Yatskiv, Michael Mishchenko  |e (edición) 
245 |a Photopolarimetry in Remote Sensing :  |b Proceedings of the NATO Advanced Study Institute, held in Yalta, Ukraine, 20 September - 4 October 2003 / 
264 4 |a Dordrecht, Holanda :  |b Springer,  |c 2004, c2004 
264 2 |a Cham, Suiza :  |b Springer Link [distribución],  |c 2025 
300 |a 1 libro electrónico en línea (XVI, 504 p.) 
300 |a 1 recurso en línea 
336 |a datos para computadora  |b cod  |2 rdacontenido 
337 |a computadora  |b c  |2 rdamedio 
338 |a recurso en línea  |b cr  |2 rdasoporte 
440 |a (NATO Science Series II: Mathematics, Physics and Chemistry) 
506 0 |a Licencias ilimitadas 
567 |a Catalogación rápida 
649 |a XX 
856 4 0 |u https://link-springer-com.ezproxy.iteso.mx/10.1007/1-4020-2368-5  |y Ver documento en línea 
910 |a Fondo General 
920 |a Electrónicos - Libros en Línea 
930 |a Plataforma Digital 
905 |a 205 
902 |a https://opac.biblio.iteso.mx/vufind/Record/000599854